Broń pancerna w Garnizonie Poznańskim 1919-1939
| Titel: | Broń pancerna w Garnizonie Poznańskim 1919-1939 / Franciszek Idkowiak |
|---|---|
| Verfasser: | |
| Veröffentlicht: | Poznań : Media-Expo, 2017 |
| Umfang: | 288 Seiten : Illustrationen ; 24 cm |
| Format: | Buch |
| Sprache: | Polnisch |
| ISBN: | 8362710365 ; 9788362710362 |
alg: 41948421 001A $03004:26-10-17 001B $03004:05-01-18 $t12:06:49.000 001D $03004:05-01-18 001U $0utf8 001X $00 002@ $0Aau 002C $aText $btxt $2rdacontent 002D $aohne Hilfsmittel zu benutzen $bn $2rdamedia 002E $aBand $bnc $2rdacarrier 003@ $0419484213 004A $083-62710-36-5 004A $A978-83-62710-36-2 007A $0BV044452297 $aBVB 010@ $apol 010E $erda 011@ $a2017 021A $aBroń pancerna w Garnizonie Poznańskim 1919-1939 $hFranciszek Idkowiak 028A $BVerfasser $4aut $71141210509 $8Idkowiak, Franciszek$Z1954- [Tp3] $9417681682 033A $pPoznań $nMedia-Expo 034D $a288 Seiten 034I $a24 cm 034M $aIllustrationen 037A $aLiteraturverzeichnis Seite 183-189 044K $#Posen $#Posen $#Posnania $#Posna $#Pozniań $#Miasto Stołeczne Poznań $#Stołeczne Miasto Poznań $#Poznań $74046868-9 $8Posen [Tg1] $9085130834 044K $RNiederlassung $RSitz $#Industrial location $#Factories Location $#Industrie Localisation $#Usines Localisation $#Standort $#Standort $#Betrieb Standort $#Betriebsstandort $#Unternehmen Standort $#Unternehmensstandort $#Standorte $74056923-8 $8Standort [Ts1] $908515850X 044K $RRüstung $#Militari $#Militär $#Militär $#Heerwesen $#Kriegswesen $#Streitkräfte $#Wehrwesen $#Militärwesen $#Armee Militär $74039305-7 $8Militär [Tsz] $9085107107 044K $RWaffe $RWehrmaterial $#Military weapons Law and legislation $#Military weapons $#Armes de guerre Droit $#Armes de guerre $#Armamenti $#Armamento $#Rüstungsgüter $#Bewaffnung $#Militärische Waffe $#Rüstungsgut $#Kriegswaffen $74139582-7 $8Kriegswaffe [Ts1] $9085531928 044K $RMilitärfahrzeug $#Tanks (Military science) $#Chars d'assaut $#Carri armati $#Tanques (Ejército) $#Panzerkampfwagen $#Tank Panzer $74044497-1 $8Panzer [Ts1] $9085124974 045R $aGeschichte 191-1939 045T $aOST $qDE-12 $2FID lok: 41948421 24 exp: 41948421 24 1 #EPN 201B/01 $005-01-18 $t12:08:15.000 201C/01 $026-10-17 201U/01 $0utf8 203@/01 $01009111175 208@/01 $a05-01-18 $bz 209A/01 $a17.07956 $du $f050 $h17 07956 $x00 209C/01 $a17.07956 K $h17 07956 K 209G/01 $a73982278 $x00 220C/01 $aho-sz 247C/01 $8358050-7Marburg, Bibliothek des Herder-Instituts Marburg $9102600961 lok: 41948421 78 exp: 41948421 78 1 #EPN 201B/01 $017-05-19 $t12:50:29.000 201C/01 $017-05-19 201U/01 $0utf8 203@/01 $0105148703X 208@/01 $a17-05-19 $be 209A/01 $a/ $f000 $x00 209A/01 $ab*p $x01 220C/01 $aeja 244Z/01 $#Generalgouvernement Polen $#Polska $#Rzeczpospolita Polska $#Polska Rzeczpospolita Ludowa $#Poland $#Pologne $#République Polonaise $#Generalne Gubernatorstwo w Polsce $#Polish People's Republic $#Polska Rzeczpospolita Polen $#PRL $#RP $#Polen Generalgouvernement $#Polska Generalgouvernement $#Besetzte Polnische Gebiete $#Besetztes Gebiet in Polen $#Okupowane Polskie Obszary $#Obszary Okupowane w Polsce $#Volksrepublik Polen $#Polska Rosyjska $#Republic Polen $#Respublika Pol'ša $#Pol'skaja Narodnaja Respublika $#République de Pologne $#Polen Links der Weichsel $#Polska po Lewej Stronie Wisły $#Lenkija $#Polija $#Gubernija Carstva Pol'skago $#Republik Polen $74046496-9 $8--Tg1--Polen $x01 $9085129801 244Z/01 $#Wielkopolska $#Polonia Maior $#Greater Poland $#Velkopolsko $#Grande-Pologne $#Nagy-Lengyelország $74223407-4 $8--Tg1--Großpolen $x09 $9086156667 247C/01 $82080>Marburg/Lahn, Herder-Institut, Forschungsbibliothek, Bibliographieportal $9336309341
| LEADER | 00000cam a2200000 c 4500 | ||
|---|---|---|---|
| 001 | 419484213 | ||
| 003 | DE-603 | ||
| 005 | 20180105120649.0 | ||
| 007 | tu | ||
| 008 | 171026s2017 xx |||| | u00||u|pol c | ||
| 020 | |a 8362710365 | ||
| 020 | |a 9788362710362 | ||
| 035 | |a (DE-599)BVBBV044452297 | ||
| 040 | |a DE-603 |b ger |c DE-603 |d DE-603 |e rda | ||
| 041 | |a pol | ||
| 084 | |a OST |q DE-12 |2 fid | ||
| 100 | 1 | |a Idkowiak, Franciszek |d 1954- |e Verfasser |4 aut |0 (DE-603)417681682 |0 (DE-588)1141210509 |2 gnd | |
| 245 | 0 | 0 | |a Broń pancerna w Garnizonie Poznańskim 1919-1939 |c Franciszek Idkowiak |
| 264 | 1 | |a Poznań |b Media-Expo |c 2017 | |
| 300 | |a 288 Seiten |b Illustrationen |c 24 cm | ||
| 336 | |a Text |b txt |2 rdacontent | ||
| 337 | |a ohne Hilfsmittel zu benutzen |b n |2 rdamedia | ||
| 338 | |a Band |b nc |2 rdacarrier | ||
| 500 | |a Literaturverzeichnis Seite 183-189 | ||
| 648 | 7 | |a Geschichte 191-1939 |2 gnd | |
| 650 | 7 | |a Standort |0 (DE-588)4056923-8 |0 (DE-603)08515850X |2 gnd | |
| 650 | 7 | |a Militär |0 (DE-588)4039305-7 |0 (DE-603)085107107 |2 gnd | |
| 650 | 7 | |a Kriegswaffe |0 (DE-588)4139582-7 |0 (DE-603)085531928 |2 gnd | |
| 650 | 7 | |a Panzer |0 (DE-588)4044497-1 |0 (DE-603)085124974 |2 gnd | |
| 651 | 7 | |a Posen |0 (DE-588)4046868-9 |0 (DE-603)085130834 |2 gnd | |
| 924 | 0 | |9 Mb 50 |a (DE-603)1009111175 |b DE-Mb50 |c HES |d c |g 17.07956 | |
| 924 | 0 | |9 2080 |a (DE-603)105148703X |b DE-2080 |c HES |d d |g / | |


